Writing skills-I/ (Record no. 11378)

MARC details
000 -LEADER
fixed length control field 00599nam a22002057a 4500
005 - DATE AND TIME OF LATEST TRANSACTION
control field 20220919132214.0
008 - FIXED-LENGTH DATA ELEMENTS--GENERAL INFORMATION
fixed length control field 220919b ||||| |||| 00| 0 eng d
020 ## - INTERNATIONAL STANDARD BOOK NUMBER
International Standard Book Number 9789389904291
040 ## - CATALOGING SOURCE
Original cataloging agency IN-DiNC
Transcribing agency IN-DiNC
041 ## - LANGUAGE CODE
Language code of sung or spoken text English
082 ## - DEWEY DECIMAL CLASSIFICATION NUMBER
Classification number 411
Item number DHA
100 ## - MAIN ENTRY--PERSONAL NAME
Personal name Dharisini, S Priya
Relator term Author
245 ## - TITLE STATEMENT
Title Writing skills-I/
Statement of responsibility, etc. by S Priya Dharisini and K Makeshwari
250 ## - EDITION STATEMENT
Edition statement 1st ed. rep.
260 ## - PUBLICATION, DISTRIBUTION, ETC.
Place of publication, distribution, etc. Dibrugarh:
Name of publisher, distributor, etc. Mahaveer publications,
Date of publication, distribution, etc. 2022
300 ## - PHYSICAL DESCRIPTION
Extent 127p.
650 ## - SUBJECT ADDED ENTRY--TOPICAL TERM
Topical term or geographic name entry element Writing skill for first semester non honours course
700 ## - ADDED ENTRY--PERSONAL NAME
Personal name Makeshwari, K
Relator term Author
942 ## - ADDED ENTRY ELEMENTS (KOHA)
Source of classification or shelving scheme Dewey Decimal Classification
Koha item type Books
Holdings
Withdrawn status Lost status Source of classification or shelving scheme Damaged status Not for loan Collection code Home library Current library Shelving location Date acquired Cost, normal purchase price Total Checkouts Full call number Barcode Date due Date last seen Date last checked out Copy number Price effective from Koha item type
    Dewey Decimal Classification     English Central Library, Naharkatiya College Central Library, Naharkatiya College General Stacks 19/09/2022 200.00 1 411 DHA 29115 06/10/2022 21/09/2022 21/09/2022 1 19/09/2022 Books
    Dewey Decimal Classification     English Central Library, Naharkatiya College Central Library, Naharkatiya College General Stacks 19/09/2022 200.00 9 411 DHA 29116 02/04/2024 13/03/2024 13/03/2024 2 19/09/2022 Books
    Dewey Decimal Classification     English Central Library, Naharkatiya College Central Library, Naharkatiya College General Stacks 19/09/2022 200.00   411 DHA 29117   19/09/2022   3 19/09/2022 Books
    Dewey Decimal Classification     English Central Library, Naharkatiya College Central Library, Naharkatiya College General Stacks 19/09/2022 200.00 7 411 DHA 29118   22/04/2024 27/03/2024 4 19/09/2022 Books
    Dewey Decimal Classification     English Central Library, Naharkatiya College Central Library, Naharkatiya College General Stacks 19/09/2022 200.00 7 411 DHA 29119   18/03/2026 06/03/2026 5 19/09/2022 Books

Naharkatiya College © 2020. All rights reserved.

Powered By